Consumer-Citizens of China : (Record no. 15162)
[ view plain ]
| 000 -LEADER | |
|---|---|
| fixed length control field | 01608cam a22003498a 4500 |
| 001 - CONTROL NUMBER | |
| control field | 16212039 |
| 005 - DATE AND TIME OF LATEST TRANSACTION | |
| control field | 20110414173242.0 |
| 008 - FIXED-LENGTH DATA ELEMENTS--GENERAL INFORMATION | |
| fixed length control field | 100430s2010 enk 000 0 eng |
| 010 ## - LIBRARY OF CONGRESS CONTROL NUMBER | |
| LC control number | 2010018265 |
| 020 ## - INTERNATIONAL STANDARD BOOK NUMBER | |
| International Standard Book Number | 0415553490 |
| 020 ## - INTERNATIONAL STANDARD BOOK NUMBER | |
| International Standard Book Number | 9780415553490 |
| 040 ## - CATALOGING SOURCE | |
| Original cataloging agency | DLC |
| Transcribing agency | DLC |
| 043 ## - GEOGRAPHIC AREA CODE | |
| Geographic area code | a-cc--- |
| 050 00 - LIBRARY OF CONGRESS CALL NUMBER | |
| Classification number | HC430.C6 |
| Item number | T53 2010 |
| 082 00 - DEWEY DECIMAL CLASSIFICATION NUMBER | |
| Classification number | 306.30951 |
| Edition number | 22 |
| Item number | TIA |
| 100 1# - MAIN ENTRY--PERSONAL NAME | |
| Personal name | Tian, Kelly. |
| 9 (RLIN) | 23253 |
| 245 10 - TITLE STATEMENT | |
| Title | Consumer-Citizens of China : |
| Remainder of title | The Role of Foreign Brands in the Imagined Future China / |
| Statement of responsibility, etc | Kelly Tian and Lily Dong. |
| 260 ## - PUBLICATION, DISTRIBUTION, ETC. (IMPRINT) | |
| Place of publication, distribution, etc | Abingdon, Oxon ; |
| -- | New York, NY : |
| Name of publisher, distributor, etc | Routledge, 2010 |
| Date of publication, distribution, etc | 2010. |
| 300 ## - PHYSICAL DESCRIPTION | |
| Extent | p. cm. |
| 490 0# - Series Statement | |
| Series statement | Routledge Contemporary China Series |
| Volume/sequential designation | 60 |
| -- | 23252 |
| 504 ## - BIBLIOGRAPHY, ETC. NOTE | |
| Bibliography, etc | Includes bibliographical references (p.p. 133-139) and index |
| 650 #0 - SUBJECT ADDED ENTRY--TOPICAL TERM | |
| Topical term or geographic name as entry element | Consumers |
| Geographic subdivision | China |
| General subdivision | Psychology. |
| 9 (RLIN) | 23254 |
| 650 #0 - SUBJECT ADDED ENTRY--TOPICAL TERM | |
| Topical term or geographic name as entry element | Brand choice |
| Geographic subdivision | China |
| General subdivision | Psychological aspects. |
| 9 (RLIN) | 23255 |
| 650 #0 - SUBJECT ADDED ENTRY--TOPICAL TERM | |
| Topical term or geographic name as entry element | Nationalism |
| Geographic subdivision | China. |
| 9 (RLIN) | 23256 |
| 651 #0 - SUBJECT ADDED ENTRY--GEOGRAPHIC NAME | |
| Geographic name | China |
| General subdivision | Civilization |
| -- | Foreign influences. |
| 9 (RLIN) | 23257 |
| 700 1# - ADDED ENTRY--PERSONAL NAME | |
| Personal name | Dong, Lily. |
| 9 (RLIN) | 23258 |
| 942 ## - ADDED ENTRY ELEMENTS (KOHA) | |
| Source of classification or shelving scheme | Dewey Decimal Classification |
| Item type | Book - Borrowing |
| Withdrawn status | Item status | Source of classification or shelving scheme | Damaged status | Not for loan | Vendor | Home library | Current library | Shelving location | Date acquired | Source of acquisition | Cost, normal purchase price | Total Checkouts | Full call number | Barcode | Date last seen | Koha item type |
|---|---|---|---|---|---|---|---|---|---|---|---|---|---|---|---|---|
| Dewey Decimal Classification | Baccah | Central Library | Central Library | First floor | 20/04/2011 | 450.00 | 306.30951 TIA | 000023351 | 15/07/2025 | Book - Borrowing | ||||||
| Dewey Decimal Classification | Baccah | Central Library | Central Library | First floor | 20/04/2011 | 450.00 | 306.30951 TIA | 000023352 | 15/07/2025 | Book - Borrowing | ||||||
| Dewey Decimal Classification | Baccah | Central Library | Central Library | First floor | 20/04/2011 | 450.00 | 306.30951 TIA | 000023353 | 15/07/2025 | Book - Borrowing |